Paroles Jok'Air - nos souvenirs - Statistiques

Statistiques générales
  • Ce quiz a été pris 712 fois
  • Le résultat moyen est 641 sur 1029
Statistiques - réponses
PAROLES % Correct
à
95%
95%
À
95%
a
95%
J'ai
95%
j'ai
95%
le
95%
me
95%
de
94%
De
94%
la
93%
ma
92%
m'a
92%
les
91%
Les
91%
91%
Pour
91%
pour
91%
tout
91%
Tout
91%
tout,
91%
ce
90%
cigarette
90%
Te
90%
te
90%
en
89%
En
89%
Mais
89%
mais
89%
souvenir
89%
mes
88%
No,
88%
no,
88%
no
88%
ouvert
88%
toute
88%
fenêtres
87%
odeur
87%
son
87%
tête
87%
draps
86%
encore
86%
je
86%
(Je
86%
mégots
86%
rempli
86%
du
85%
nos
85%
pièce,
85%
souvenirs
85%
toutes
85%
Toutes
85%
aérer
84%
Dur
83%
avaient
82%
d'effacer
81%
que
80%
elle
79%
l'cendrier
79%
j'suis
78%
(J'suis
78%
l'air
77%
prendre
77%
sorti,
77%
aller
76%
ça
76%
Donc
76%
c'que
74%
et
74%
Et
74%
juste
73%
se
72%
car
71%
pas
71%
Pas
71%
faisais
70%
es
69%
menteur
69%
menteur)
69%
qu'un
68%
ramenait
68%
vers
68%
des
67%
femme
67%
mon
66%
Mon
66%
(Mon
66%
ton
66%
Ton
66%
dans
64%
j'aime
64%
tu
64%
(tu
64%
Tu
64%
par
63%
bébé
62%
Bébé
62%
"Bébé
62%
bébé)
62%
bébé,
62%
hauteur
62%
hauteur,
62%
hauteur)
62%
trahi
62%
ne
61%
Au
60%
Quand
60%
quand
60%
bonheur
59%
c'était
59%
fois
59%
fois)
59%
moi
59%
Moi
59%
plus
58%
voulais
58%
coeur
57%
vide
57%
manque,
56%
On
56%
on
56%
Tes
56%
tes
56%
cigarettes
55%
J'avoue
55%
j'te
55%
(J'te
55%
commis
54%
demande
54%
erreurs
54%
été
54%
nous
54%
Qui
54%
qui
54%
carré
53%
cou
53%
un
53%
Un
53%
est
52%
heure
52%
mal
52%
sur
51%
Sur
51%
faisait
50%
j'n'ai
50%
lune
50%
sais
50%
toi
50%
voix
50%
dire
49%
Rappelle
49%
bonne
48%
entre
48%
insiste
48%
j'me
48%
l'appartement
48%
leurs
48%
moitié
48%
mots
48%
Pourquoi
48%
Pourtant
48%
qu'elle
48%
regard
48%
souffle
48%
verre
48%
aussi
47%
belle
47%
dit
47%
gros
47%
C'est
46%
c'est
46%
d'amour
46%
faute,
46%
levais
46%
Non,
46%
non,
46%
ouais
46%
putes
46%
rester
46%
supplie
46%
tard
46%
t'en
46%
VIP
46%
y'avait
46%
Y'avait
46%
culs
45%
d'ça
45%
films,
45%
musiques
45%
recal'
45%
réponds
45%
chagrins
44%
dessine
44%
hanches
44%
J'pensais
44%
laissé
44%
l'époque
44%
nuage
44%
partie
44%
trouvé
44%
coups
43%
d'ma
43%
donné
43%
était
43%
exister
43%
fait
43%
insister
43%
l'impression
43%
manquent
43%
sans
43%
vivre,
43%
Devant
42%
J'l'ai
42%
J'rentrais
42%
l'entrée
42%
manques
42%
manques)
42%
revenir,
42%
rigolait
42%
videurs
42%
dealeur
41%
N'existaient
41%
oublié
41%
qu'les
41%
bisous,
40%
défile
40%
frissons
40%
j'n'étais
40%
nuits
40%
Aujourd'hui
39%
caresses
39%
cité
39%
couilles),
39%
fuyons
39%
Fuyons
39%
j'ressens
39%
raison
39%
cassais
38%
comme
38%
disait
38%
douces
38%
larmes
38%
larmes"
38%
rencontrée,
38%
rendait
38%
s'faire
38%
d'la
37%
m'as
37%
s'ruait
37%
avec
36%
d'puis
36%
j'étais
36%
j't'aurais
36%
s'aimer
36%
sombres
36%
d'lui
35%
T'as
35%
Mémoire
34%
route
34%
r'tour
34%
seul
34%
crie
33%
disais
33%
lit
33%
notre
33%
Oublier
33%
rappelles-tu
33%
rappelles-tu,
33%
sèche
33%
sélective
33%
yeux
33%
Avant
32%
crises
32%
soir"
32%
bancs
31%
pars,
31%
pars
31%
prénom
31%
remplis
31%
boy
30%
fidélité
30%
solo
30%
Anti
29%
"Attends
29%
boucles
29%
l'bad
29%
l'moteur
29%
préféré
29%
Alcool
28%
Alors
28%
drogue
28%
m'écrivais
28%
m'éloigner
28%
rencard
28%
lieu
27%
ombre
27%
pleure,
27%
compter
26%
m'offrir
26%
pouvais
26%
maint'nant
25%
r'gard
25%
soigner
25%
qu'j'prenne
24%
ay
23%
(Ay)
23%
brisais
22%
ancrée
21%
paralysées
21%
5h,
20%
désolé
20%
(Désolé
20%
Ho
20%
rocker
20%
(wow)
20%
âmes
19%
Jamais
19%
peines
19%
t'aime,
18%
t'aime)
18%
c'qu'on
15%
une
15%
(Pardonne-moi,
14%
pardonne-moi)
14%
revivra
14%
plaît
13%
(S'il
13%
dernière
10%
souv'nirs
10%
Ciao,
8%
(Réponds-moi
8%
(Regarde-moi
7%
tête(Ay)
5%
Aucun quiz correspondant
Distribution des résultats
% des personnes avec chaque résultat
Percentile par nombre de réponses
Votre historique - résultats
Vous n’avez pas pris ce quiz